Statistics for Lego Themes

Click here to take the quiz!

General Stats

  • This quiz has been taken 68 times
    (59 since last reset)
  • The average score is 10 of 27

Answer Stats

Theme% Correct
City
88%
Star Wars
81%
Ninjago
75%
Friends
71%
Creator 3 in 1
65%
Creator Expert
65%
Technic
56%
Harry Potter
48%
DC Super Heroes
40%
Disney
40%
Duplo
40%
Marvel Super Heroes
40%
Architecture
38%
Ideas
33%
Minecraft
31%
Jurassic World
27%
Speed Champions
25%
Classic
23%
Minifigures
23%
Dots
21%
Monkie Kid
19%
Spiderman
19%
Super Mario
17%
Hidden Side
13%
Minions: The Rise of Gru
13%
Trolls: World Tour
6%
Modular Buildings
2%

Score Distribution

Percentile by Number Answered

Percent of People with Each Score

Your Score History

You have not taken this quiz since the last reset